| 000 | 00464nam a2200205Ia 4500 | ||
|---|---|---|---|
| 003 | 0100 | ||
| 008 | 130303s9999 xx 000 0 und d | ||
| 020 | _a0090737520 | ||
| 040 | _cARRUPELIB | ||
| 050 | _aB2430.S34W3 1965 | ||
| 100 | _aWarnock, Mary | ||
| 245 | 4 | _aThe Philosophy of Sartre | |
| 260 | _aLondon | ||
| 260 | _bHutchinson University Library | ||
| 260 | _C1965 | ||
| 300 | _a186p. | ||
| 300 | _b 21cm | ||
| 650 | _aPHILOSOPHY | ||
| 942 | 0 | 0 | _05 |
| 999 |
_c40137 _d40137 |
||